<?xml version="1.0" encoding="UTF-8"?>
<record
    xmlns:xsi="http://www.w3.org/2001/XMLSchema-instance"
    xsi:schemaLocation="http://www.loc.gov/MARC21/slim http://www.loc.gov/standards/marcxml/schema/MARC21slim.xsd"
    xmlns="http://www.loc.gov/MARC21/slim">

  <leader>03425cam a2200601Mu 4500</leader>
  <controlfield tag="001">ocn956735594</controlfield>
  <controlfield tag="003">OCoLC</controlfield>
  <controlfield tag="005">20240725104523.0</controlfield>
  <controlfield tag="006">m     o  d        </controlfield>
  <controlfield tag="007">cr |n|---|||||</controlfield>
  <controlfield tag="008">160531s2011    ohu     o     000 0 eng  </controlfield>
  <datafield tag="020" ind1=" " ind2=" ">
    <subfield code="a">9781133890843</subfield>
  </datafield>
  <datafield tag="020" ind1=" " ind2=" ">
    <subfield code="a">1133890849</subfield>
  </datafield>
  <datafield tag="020" ind1=" " ind2=" ">
    <subfield code="z">9781133627036</subfield>
  </datafield>
  <datafield tag="020" ind1=" " ind2=" ">
    <subfield code="z">113362703X</subfield>
  </datafield>
  <datafield tag="020" ind1=" " ind2=" ">
    <subfield code="z">9780538482103</subfield>
  </datafield>
  <datafield tag="020" ind1=" " ind2=" ">
    <subfield code="z">0538482109</subfield>
  </datafield>
  <datafield tag="020" ind1=" " ind2=" ">
    <subfield code="z">9780538482387</subfield>
  </datafield>
  <datafield tag="020" ind1=" " ind2=" ">
    <subfield code="z">0538482389</subfield>
  </datafield>
  <datafield tag="029" ind1="0" ind2=" ">
    <subfield code="a">AU@</subfield>
    <subfield code="b">000058392781</subfield>
  </datafield>
  <datafield tag="035" ind1=" " ind2=" ">
    <subfield code="a">(OCoLC)956735594</subfield>
    <subfield code="z">(OCoLC)945873641</subfield>
    <subfield code="z">(OCoLC)945981957</subfield>
    <subfield code="z">(OCoLC)958861374</subfield>
    <subfield code="z">(OCoLC)959424030</subfield>
    <subfield code="z">(OCoLC)969967839</subfield>
    <subfield code="z">(OCoLC)981969918</subfield>
    <subfield code="z">(OCoLC)982009154</subfield>
    <subfield code="z">(OCoLC)993655076</subfield>
  </datafield>
  <datafield tag="040" ind1=" " ind2=" ">
    <subfield code="a">AU@</subfield>
    <subfield code="b">eng</subfield>
    <subfield code="c">AU@</subfield>
    <subfield code="d">OCLCQ</subfield>
    <subfield code="d">YDX</subfield>
    <subfield code="d">YDXCP</subfield>
    <subfield code="d">OCLCF</subfield>
    <subfield code="d">EBLCP</subfield>
    <subfield code="d">OCLCQ</subfield>
    <subfield code="d">OCLCO</subfield>
    <subfield code="d">OCLCQ</subfield>
    <subfield code="d">OCLCO</subfield>
    <subfield code="d">OCLCL</subfield>
  </datafield>
  <datafield tag="050" ind1=" " ind2="4">
    <subfield code="a">HG4521.R396 </subfield>
  </datafield>
  <datafield tag="082" ind1="0" ind2="4">
    <subfield code="a">332.6</subfield>
  </datafield>
  <datafield tag="100" ind1="1" ind2=" ">
    <subfield code="a">Reilly, Frank K.</subfield>
    <subfield code="9">36722</subfield>
  </datafield>
  <datafield tag="245" ind1="1" ind2="0">
    <subfield code="a">Investment Analysis and Portfolio Management (with Thomson ONE - Business School Edition and Stock-Trak Coupon).</subfield>
  </datafield>
  <datafield tag="250" ind1=" " ind2=" ">
    <subfield code="a">10th ed.</subfield>
  </datafield>
  <datafield tag="260" ind1=" " ind2=" ">
    <subfield code="a">Mason, OH :</subfield>
    <subfield code="b">Cengage Learning US,</subfield>
    <subfield code="c">2011.</subfield>
  </datafield>
  <datafield tag="300" ind1=" " ind2=" ">
    <subfield code="a">1 online resource (1082 pages)</subfield>
  </datafield>
  <datafield tag="336" ind1=" " ind2=" ">
    <subfield code="a">text</subfield>
    <subfield code="b">txt</subfield>
    <subfield code="2">rdacontent</subfield>
  </datafield>
  <datafield tag="337" ind1=" " ind2=" ">
    <subfield code="a">computer</subfield>
    <subfield code="b">c</subfield>
    <subfield code="2">rdamedia</subfield>
  </datafield>
  <datafield tag="338" ind1=" " ind2=" ">
    <subfield code="a">online resource</subfield>
    <subfield code="b">cr</subfield>
    <subfield code="2">rdacarrier</subfield>
  </datafield>
  <datafield tag="504" ind1=" " ind2=" ">
    <subfield code="a">Includes bibliographical references (pages 1017-1031) and index.</subfield>
  </datafield>
  <datafield tag="505" ind1="0" ind2=" ">
    <subfield code="a">82387_30_SE-Cover -- 82387_31_IFC -- 82387_00_FM_pi-xxii -- 82387_01_Ch01_p0001-0032 -- 82387_02_Ch02_p0033-0062 -- 82387_03_Ch03_p0063-0094 -- 82387_04_Ch04_p0095-0122 -- 82387_05_Ch05_p0123-0146 -- 82387_06_Ch06_p0147-0180 -- 82387_07_Ch07_p0181-0206 -- 82387_08_Ch08_p0207-0240 -- 82387_09_Ch09_p0241-0268 -- 82387_10_Ch10_p0269-0326 -- 82387_11_Ch11_p0327-0364 -- 82387_12_Ch12_p0365-0412 -- 82387_13_Ch13_p0413-0458 -- 82387_14_Ch14_p0459-0524 -- 82387_15_Ch15_p0525-0548 -- 82387_16_Ch16_p0549-0588 -- 82387_17_Ch17_p0589-0622 -- 82387_18_Ch18_p0623-0690 -- 82387_19_Ch19_p0691-0738.</subfield>
  </datafield>
  <datafield tag="505" ind1="8" ind2=" ">
    <subfield code="a">82387_20_Ch20_p0739-0780 -- 82387_21_Ch21_p0781-0820 -- 82387_22_Ch22_p0821-0866 -- 82387_23_Ch23_p0867-0908 -- 82387_24_Ch24_P0909-0958 -- 82387_25_Ch25_p0959-1008 -- 82387_26_Appendix A-D_p1009-1016 -- 82387_27_References_p1017-1031 -- 82387_28_Glossary_p1032-1044 -- 82387_29_Index_p1045-1058.</subfield>
  </datafield>
  <datafield tag="588" ind1="0" ind2=" ">
    <subfield code="a">Print version record.</subfield>
  </datafield>
  <datafield tag="650" ind1=" " ind2="0">
    <subfield code="a">Portfolio management.</subfield>
    <subfield code="9">19895</subfield>
  </datafield>
  <datafield tag="650" ind1=" " ind2="0">
    <subfield code="a">Investment analysis.</subfield>
    <subfield code="9">5320</subfield>
  </datafield>
  <datafield tag="650" ind1=" " ind2="0">
    <subfield code="a">Investments.</subfield>
    <subfield code="9">15418</subfield>
  </datafield>
  <datafield tag="650" ind1=" " ind2="2">
    <subfield code="a">Investments</subfield>
    <subfield code="9">15418</subfield>
  </datafield>
  <datafield tag="650" ind1=" " ind2="6">
    <subfield code="a">Gestion de portefeuille.</subfield>
    <subfield code="9">45623</subfield>
  </datafield>
  <datafield tag="650" ind1=" " ind2="6">
    <subfield code="a">Analyse financi&#xFFFD;ere.</subfield>
    <subfield code="9">5321</subfield>
  </datafield>
  <datafield tag="650" ind1=" " ind2="6">
    <subfield code="a">Investissements.</subfield>
    <subfield code="9">15419</subfield>
  </datafield>
  <datafield tag="650" ind1=" " ind2="7">
    <subfield code="a">Investment analysis</subfield>
    <subfield code="2">fast</subfield>
    <subfield code="9">5320</subfield>
  </datafield>
  <datafield tag="650" ind1=" " ind2="7">
    <subfield code="a">Investments</subfield>
    <subfield code="2">fast</subfield>
    <subfield code="9">15418</subfield>
  </datafield>
  <datafield tag="650" ind1=" " ind2="7">
    <subfield code="a">Portfolio management</subfield>
    <subfield code="2">fast</subfield>
    <subfield code="9">19895</subfield>
  </datafield>
  <datafield tag="700" ind1="1" ind2=" ">
    <subfield code="a">Brown, Keith C.</subfield>
    <subfield code="9">36724</subfield>
  </datafield>
  <datafield tag="758" ind1=" " ind2=" ">
    <subfield code="i">has work:</subfield>
    <subfield code="a">Investment Analysis and Portfolio Management (with Thomson One - Business School Edition and Stock-Trak Coupon) (Text)</subfield>
    <subfield code="1">https://id.oclc.org/worldcat/entity/E39PCYrjRMt84PfxC6RBJ4hBDV</subfield>
    <subfield code="4">https://id.oclc.org/worldcat/ontology/hasWork</subfield>
  </datafield>
  <datafield tag="776" ind1="0" ind2="8">
    <subfield code="i">Print version:</subfield>
    <subfield code="a">Reilly, Frank K.</subfield>
    <subfield code="t">Investment Analysis and Portfolio Management (with Thomson ONE - Business School Edition and Stock-Trak Coupon).</subfield>
    <subfield code="d">Mason, OH : Cengage Learning US, &#xFFFD;2011</subfield>
    <subfield code="z">9780538482387</subfield>
  </datafield>
  <datafield tag="856" ind1=" " ind2=" ">
    <subfield code="u">https://koha.ucc.edu.gh/cgi-bin/koha/opac-retrieve-file.pl?id=85f7358dc0c48a5b7c729a8ea936379c</subfield>
  </datafield>
  <datafield tag="942" ind1=" " ind2=" ">
    <subfield code="2">lcc</subfield>
    <subfield code="c">CR</subfield>
  </datafield>
  <datafield tag="948" ind1=" " ind2=" ">
    <subfield code="h">NO HOLDINGS IN GHUCC - 10 OTHER HOLDINGS</subfield>
  </datafield>
  <datafield tag="999" ind1=" " ind2=" ">
    <subfield code="c">51291</subfield>
    <subfield code="d">51291</subfield>
  </datafield>
</record>
